Teacher's saleries: special allowances for teachers: an analysis of the 1956 Burnham report (Record no. 357406)

000 -LEADER
fixed length control field 00420cam a22001217a 4500
008 - FIXED-LENGTH DATA ELEMENTS--GENERAL INFORMATION
fixed length control field 180718b1958 xxu||||| |||| 00| 0 eng d
082 ## - DEWEY DECIMAL CLASSIFICATION NUMBER
Classification number K232x42 A127
100 ## - MAIN ENTRY--PERSONAL NAME
Personal name Alexander, W.P.
245 ## - TITLE STATEMENT
Title Teacher's saleries: special allowances for teachers: an analysis of the 1956 Burnham report
Statement of responsibility, etc. by W.P. Alexander
260 ## - PUBLICATION, DISTRIBUTION, ETC.
Place of publication, distribution, etc. London
Name of publisher, distributor, etc. Councils and Education Press
Date of publication, distribution, etc. 1958
300 ## - PHYSICAL DESCRIPTION
Extent 41p.
650 ## - SUBJECT ADDED ENTRY--TOPICAL TERM
Topical term or geographic name entry element Salaries - Teachers - U.K.
Holdings
Withdrawn status Lost status Damaged status Not for loan Permanent Location Current Location Date acquired Full call number Barcode Date last seen Price effective from Koha item type
        Indian Institute of Public Administration Indian Institute of Public Administration 1994-01-13 K232x42 A127 14457 2018-07-21 2018-07-21 Book

Powered by Koha